[Event "179th open MGU 14-15 January 2017"]
[Site "Sofia"]
[Date "2017.01.14"]
[Round "2.9"]
[White "Georgiev, Nikolay Zh."]
[Black "Todev, Simeon"]
[Result "1-0"]
[WhiteElo "1623"]
[BlackElo "1649"]
[PlyCount "83"]
[EventDate "2017.01.14"]
[EventType "swiss"]
[EventRounds "6"]
[EventCountry "BUL"]
[SourceDate "2008.07.28"]

1. e4 c5 2. Nf3 d6 3. d4 cxd4 4. Nxd4 Nf6 5. Nc3 g6 6. Be2 Bg7 7. O-O O-O 8.
Be3 Nc6 9. f4 Qb6 10. Qd3 Ng4 11. Bxg4 Bxd4 12. Bxd4 Nxd4 13. Nd5 Qc5 14. Nxe7+
Kh8 15. Nxc8 Nxc2+ 16. Kh1 Nxa1 17. Rxa1 f5 18. exf5 Raxc8 19. fxg6 hxg6 20.
Bxc8 Rxc8 21. Rd1 Kh7 22. Qh3+ Qh5 23. Qxh5+ gxh5 24. Kg1 Rc6 25. Rd2 Kg6 26.
Kf2 Kf5 27. Kf3 Ke6 28. g3 d5 29. h3 Rc1 30. g4 hxg4+ 31. hxg4 Rc5 32. Kg3 Kf6
33. b4 Rc3+ 34. Kh4 Rc4 35. Rxd5 Rxf4 36. a3 b6 37. Rd7 a5 38. Rd6+ Ke5 39.
Rxb6 axb4 40. Rxb4 Rf1 41. Kg5 Ke6 42. Kg6 1-0

[Event "179th open MGU 14-15 January 2017"]
[Site "Sofia"]
[Date "2017.01.14"]
[Round "3.1"]
[White "Ignatov, Bojidar"]
[Black "Gelemerov, Yane"]
[Result "0-1"]
[WhiteElo "1826"]
[BlackElo "2024"]
[PlyCount "56"]
[EventDate "2017.01.14"]
[EventType "swiss"]
[EventRounds "6"]
[EventCountry "BUL"]
[SourceDate "2008.07.28"]

1. d4 Nf6 2. c4 d6 3. Nc3 Nbd7 4. e4 e5 5. Nf3 Be7 6. Be2 O-O 7. O-O Re8 8. Re1
c6 9. Bf1 Qc7 10. d5 a5 ({RR} 10... Nf8 11. b4 cxd5 12. Nb5 Qd8 13. cxd5 a6 14.
Nc3 Bg4 15. h3 Bh5 16. Bd2 Qd7 17. a4 Rec8 18. a5 Bd8 19. Na4 Ng6 20. Ra3 Nh4
21. Be2 Nxe4 22. Nxh4 Bxh4 23. Bxh5 Bxf2+ 24. Kh2 Nxd2 25. Re2 {
Navara,D (2730)-Bortnyk,M (2416)/Minsk 2015/EXT 2017/0-1 (45)}) 11. h3 Nc5 12.
Nd2 $146 ({RR} 12. b3 Bd7 ({RR} 12... Bf8 13. Rb1 g6 14. a3 Bg7 15. Nd2 Nh5 16.
b4 axb4 17. axb4 Na6 18. b5 Nc5 19. bxc6 bxc6 20. Nb3 Nxb3 21. Qxb3 c5 22. Qb6
Qe7 23. Qc6 Ra6 24. Rb6 Rxb6 25. Qxb6 f5 26. Bd2 f4 27. Nb5 {
Vodicka,V (2306)-Petuchov,S (2223)/Czechia 2004/EXT 2007/1/2 (43)}) 13. Bb2 g6
14. a3 Nh5 15. b4 axb4 16. axb4 Rxa1 17. Qxa1 Nb3 18. Qd1 Nd4 19. Nxd4 exd4 20.
Qxd4 Bf6 21. Qd2 Be5 22. Nd1 Nf4 23. Bxe5 dxe5 24. Kh2 Qc8 25. Nc3 f5 26. g3
Nh5 {Kersten,U (2350)-Kohlei,R/Hermannen 1997/EXT 2001/1-0 (41)}) ({RR} 12. Bd2
Bd7 13. b3 Rec8 14. Rc1 Be8 15. g3 cxd5 16. cxd5 Qb6 17. Nh4 g6 18. Qf3 Kg7 19.
Qe3 Ng8 20. Nf3 Bd7 21. Red1 Qd8 22. Kh2 Qe8 23. Ne1 b5 24. Nd3 b4 25. Nb1 Nxd3
26. Qxd3 f5 {Cobo Arteaga,E (2420)-Bobotsov,M (2455)/Havana 1966/MCD/1/2 (48)})
12... Rf8 13. Nb3 Nxb3 14. Qxb3 Bd7 15. Be3 c5 16. f4 exf4 17. Bxf4 Nh5 18. Bh2
Bf6 19. Nb5 Bxb5 20. Qxb5 Bd4+ 21. Kh1 Rae8 22. Rad1 Be5 23. Qb3 Nf6 24. g3 Re7
25. Qc2 Qb6 26. b3 Qb4 27. Re3 Ra8 28. Ra1 Bxa1 0-1

[Event "179th open MGU 14-15 January 2017"]
[Site "Sofia"]
[Date "2017.01.14"]
[Round "3.4"]
[White "Dyakov, Martin"]
[Black "Ruschukov, Boyan"]
[Result "1-0"]
[WhiteElo "2030"]
[BlackElo "1844"]
[PlyCount "67"]
[EventDate "2017.01.14"]
[EventType "swiss"]
[EventRounds "6"]
[EventCountry "BUL"]
[SourceDate "2008.07.28"]

1. e4 c5 2. Nf3 d6 3. d4 cxd4 4. Nxd4 Nf6 5. Nc3 g6 6. Be3 Bg7 7. f3 Nc6 8. Qd2
O-O 9. O-O-O d5 10. exd5 Nxd5 11. Nxc6 bxc6 12. Nxd5 cxd5 13. Qxd5 Qxd5 ({RR} 
13... Rb8 14. Qxd8 Bxb2+ 15. Kb1 Bd4+ 16. Kc1 Bb2+ 17. Kb1 {
1/2 Feygin,M (2500)-Klyuner,V (2362)/Essen 1999/EXT 2004}) 14. Rxd5 a6 $146 ({
RR} 14... a5 15. Bc4 Be6 16. Rc5 Rfb8 17. c3 Rb6 18. Rc7 Rd6 19. Rd1 Rxd1+ 20.
Kxd1 Be5 21. Rc6 Bd7 22. Ra6 Rxa6 23. Bxa6 Bxh2 24. b4 Be5 25. Kd2 axb4 26.
cxb4 Bb8 27. b5 Kf8 28. a4 Ke8 29. Bb6 {
Vujnovic,M (1955)-Ghersinich,E (1860)/Topusko 2016/CBM 173 Extra/1-0 (55)}) ({
RR} 14... Be6 15. Ra5 Rfc8 ({RR} 15... a6 16. a3 Rfb8 17. c3 h5 18. Rxa6 Rxa6
19. Bxa6 Bf5 20. Bd2 Rb6 21. Bc4 Rc6 22. Ba2 Bd3 23. Rd1 e6 24. h3 Kf8 25. Bb3
Rb6 26. Ba2 Rc6 27. Bb1 Bc4 28. Kc2 Rb6 29. b4 Ra6 30. Kb2 {
Vraj,K-Zeman,M/Kouty nad Desnou 2013/EXT 2015/0-1 (38)}) 16. Bd3 Rc7 17. Be4
Rb8 18. b3 Rbc8 19. Rd1 Bf5 20. Bxf5 gxf5 21. c4 e5 22. Bxa7 Ra8 23. Bb6 Rxa5
24. Bxa5 Ra7 25. b4 e4 26. fxe4 fxe4 27. Rd8+ Bf8 28. Kd2 Re7 29. b5 {
Hoang,V (1770)-Gong,K/Taipa 2014/CBM 160 Extra/1-0 (35)}) 15. Bc4 Rb8 16. b3 e6
17. Rd3 Bb7 18. Rhd1 Rfc8 19. Bg5 h6 20. Rd8+ Kh7 21. Be7 Be5 22. h3 Bf4+ 23.
Kb1 Rxd8 24. Rxd8 Rxd8 25. Bxd8 Kg7 26. Be2 Bg3 27. c4 f5 28. b4 e5 29. a4 Be1
30. b5 Bb4 31. Bb6 axb5 32. cxb5 e4 33. a5 exf3 34. Bxf3 1-0

[Event "179th open MGU 14-15 January 2017"]
[Site "Sofia"]
[Date "2017.01.14"]
[Round "3.5"]
[White "Kolev, Lachezar"]
[Black "Tsyntsarski, Boyko"]
[Result "1/2-1/2"]
[WhiteElo "1854"]
[BlackElo "1636"]
[PlyCount "86"]
[EventDate "2017.01.14"]
[EventType "swiss"]
[EventRounds "6"]
[EventCountry "BUL"]
[SourceDate "2008.07.28"]

1. e4 c6 2. Ne2 d5 3. e5 Bf5 4. Ng3 Bg6 5. h4 h6 6. h5 Bh7 7. e6 Nf6 8. exf7+
Kxf7 9. d4 e6 10. Bd3 Bxd3 ({RR} 10... Bd6 11. Bxh7 Nxh7 12. Qd3 Qf6 13. O-O
Ke7 14. b3 Nd7 15. c4 Raf8 16. Nc3 Bxg3 17. Qxg3 Qxd4 18. Ba3+ c5 19. cxd5 Qf4
20. Qxg7+ Ke8 21. dxe6 Ne5 22. Qg3 Qxg3 23. fxg3 Rxf1+ 24. Rxf1 b6 25. Nd5 {
Erseki,T (1931)-Szabo,A (1372)/Balatonlelle 2016/CBM 173 Extra/1-0 (33)}) 11.
Qxd3 Ke7 $146 ({RR} 11... Bd6 12. Qg6+ Kf8 13. O-O Qe8 14. Re1 Qxg6 15. hxg6
Bxg3 16. fxg3 Ne4 17. Rf1+ Nf6 18. Nc3 Nbd7 19. b3 Ke8 20. Ba3 Kd8 21. Rae1 Re8
22. Bd6 b6 23. Re2 c5 24. dxc5 Nxc5 25. b4 Nce4 26. Nxe4 {
Weishaeutel,M (1431)-Gelfenbaum,D (1055)/Oberhof 2013/CBM 154 Extra/0-1 (45)})
12. O-O Qe8 13. Qe2 Kd7 14. Nd2 Bd6 15. f4 Na6 16. Nf3 Rd8 17. Ne5+ Kc8 18. Re1
Bxe5 19. Qxe5 Nc7 20. c3 Ne4 21. Nxe4 dxe4 22. Qxe4 Qxh5 23. b4 Qf5 24. a4 Rhe8
25. c4 Qxe4 26. Rxe4 b5 27. axb5 cxb5 28. c5 Kb7 29. Bd2 Nd5 30. Rae1 Nf6 31.
Rxe6 Rxe6 32. Rxe6 Rxd4 33. Bc3 Rc4 34. Re7+ Kc6 35. Be1 Nd5 36. Rxg7 Nxb4 37.
Rg6+ Kxc5 38. Bf2+ Kd5 39. Bxa7 Rxf4 40. Rxh6 Nc6 41. Rh5+ Ne5 42. g3 Re4 43.
Rh8 Nc6 1/2-1/2

[Event "179th open MGU 14-15 January 2017"]
[Site "Sofia"]
[Date "2017.01.14"]
[Round "3.6"]
[White "Georgiev, Nikolay Zh."]
[Black "Sharkov, Venko"]
[Result "1-0"]
[WhiteElo "1623"]
[BlackElo "1701"]
[PlyCount "85"]
[EventDate "2017.01.14"]
[EventType "swiss"]
[EventRounds "6"]
[EventCountry "BUL"]
[SourceDate "2008.07.28"]

1. e4 e5 2. Nc3 Nc6 3. Bc4 Nf6 4. d3 Bb4 5. Bd2 Bxc3 ({RR} 5... Na5 6. Nge2
Nxc4 7. dxc4 O-O 8. Ng3 d6 9. Qe2 c6 10. a3 Ba5 11. O-O-O a6 12. c5 Ne8 13. Na4
Bc7 14. cxd6 Nxd6 15. Bb4 Qf6 16. Bxd6 Bxd6 17. Nb6 Rb8 18. Nxc8 Rfxc8 19. Nf5
Bf8 {1/2 Mamedov,R (2586)-Marzolo,C (2478)/Calvia 2007/CBM 120 Extra}) 6. Bxc3
d5 7. Bb5 ({RR} 7. exd5 Nxd5 8. Bxd5 Qxd5 9. Qf3 Qd6 10. Ne2 O-O 11. O-O Nd4
12. Nxd4 exd4 13. Bd2 Bd7 14. Rfe1 Bc6 15. Qg4 a6 16. a3 b5 17. Bb4 Qd5 18.
Bxf8 Rxf8 19. Qe4 Qc5 20. Qe2 Qg5 21. f3 Bd7 {
Berresheim,H (1546)-Smakic,E (810)/Nickenich 2015/EXT 2016/1-0 (47)}) 7... Qe7
$146 ({RR} 7... O-O 8. Bxc6 bxc6 9. Qe2 Re8 10. Nf3 Bg4 11. h3 Bxf3 12. Qxf3
Qd6 13. O-O Rab8 14. Rab1 c5 15. Rfe1 d4 16. Bd2 Qa6 17. a3 c4 18. Rec1 c5 19.
dxc4 Qxc4 20. b3 Qe6 21. c4 Qa6 22. Bg5 {
Arnason,J (2515)-Stefansson,H (2455)/Reykjavik 1992/CBM 028/1/2}) ({RR} 7...
dxe4 8. Bxc6+ bxc6 9. Bxe5 Qe7 10. d4 Qb4+ 11. c3 Qxb2 12. Qc1 Qxc1+ 13. Rxc1
Nd5 14. Ne2 f5 15. Bf4 Ba6 16. c4 Nb4 17. O-O Nxa2 18. Rc2 Nb4 19. Rc3 Kd7 20.
Rd1 g5 21. Bc1 Nd3 22. d5 {
Coleman,D-Capablanca,J/New York,NY 1910/Capablanca/1-0 (37)}) 8. Nf3 Bg4 9. h3
Bd7 10. Bxc6 Bxc6 11. Nxe5 dxe4 12. Nxc6 bxc6 13. O-O O-O-O 14. Bxf6 Qxf6 15.
Qg4+ Kb8 16. Qxe4 Rd4 17. Qe1 g5 18. Qc3 Qd6 19. Rae1 Rg8 20. Qb3+ Rb4 21. Qxf7
Rf8 22. Qxh7 Rxb2 23. Rb1 Qb4 24. Rxb2 Qxb2 25. c4 Qxa2 26. Qg7 Rf5 27. Qd7 Rc5
28. Qd4 Ra5 29. f3 Qc2 30. Rf2 Qc1+ 31. Kh2 Ra1 32. Rb2+ Kc8 33. Qg4+ Kd8 34.
Rb8+ Ke7 35. Qe4+ Kd7 36. Qd4+ Ke7 37. Qe5+ Kd7 38. Qe8+ Kd6 39. Qf8+ Ke5 40.
Qc5+ Ke6 41. Re8+ Kf7 42. Qf8+ Kg6 43. Re6+ 1-0

[Event "179th open MGU 14-15 January 2017"]
[Site "Sofia"]
[Date "2017.01.15"]
[Round "4.1"]
[White "Gelemerov, Yane"]
[Black "Kamenov, Valentin"]
[Result "0-1"]
[WhiteElo "2024"]
[BlackElo "1809"]
[PlyCount "50"]
[EventDate "2017.01.14"]
[EventType "swiss"]
[EventRounds "6"]
[EventCountry "BUL"]
[SourceDate "2008.07.28"]

1. e4 d6 2. d4 Nf6 3. Nc3 g6 4. f4 Bg7 5. Nf3 O-O 6. Bd3 c5 ({RR} 6... Na6) 7.
e5 ({RR} 7. dxc5 Nbd7 ({RR} 7... dxc5) 8. cxd6 exd6 9. O-O ({RR} 9. Be3 Re8 10.
Qd2) 9... Re8 10. h3 ({RR} 10. a4 Ng4 11. Kh1 Qb6 12. Bc4 Nf2+ 13. Rxf2 Qxf2
14. Bxf7+ Kxf7 15. Ng5+ Ke7 16. Be3 Qh4 ({RR} 16... Qxe3 17. Nd5+) 17. Nb5)
10... b5 11. Nxb5 ({RR} 11. Bxb5 Nxe4 12. Nxe4 Rxe4 13. Ng5 Re7 14. Qxd6 h6 15.
f5) 11... Nxe4 ({RR} 11... Qb6+ 12. Kh2 Bb7) 12. Bxe4 Rxe4 13. Nxd6 Re7 14.
Nxc8 Rxc8 15. Re1 Rxe1+ 16. Nxe1 Qb6+ 17. Kh2 Nc5 18. Nd3 ({RR} 18. c3 Re8 19.
Nf3) 18... Nxd3 ({RR} 18... Re8 19. Bd2 Nxd3 20. cxd3 Qf2) 19. Qxd3 Re8 20. Bd2
Qxb2 21. Re1 Rb8 {
Karjakin,S (2782)-Mamedyarov,S (2753)/Moscow 2013/CBM 155/[Szabo,Kr]/1/2 (43)}
{RR} 22. Re7 Qxa2 23. Be3 a5 24. c4) 7... Ng4 ({RR} 7... Ne8 8. dxc5 dxe5 9.
fxe5 Qc7 10. O-O Qxc5+ 11. Kh1 Bg4 12. Qe1 Bxf3 13. Rxf3 e6 14. Bf4 Nc6 15. Ne4
Qb6 16. Be3 Qxb2 17. Bc5 Nxe5 18. Bxf8 Nxf3 19. Bxg7 Nxg7 20. gxf3 b6 21. Qc3
Qxc3 22. Nxc3 {Martinez Perez,P (2042)-Caro Martinez,R (1954)/Santa Eulalia de
Roncana 2015/EXT 2017/1-0 (57)}) 8. exd6 $146 ({RR} 8. O-O cxd4 9. Ne4 dxe5 10.
h3 Nh6 11. Nxe5 Nc6 12. Nxc6 bxc6 13. Qf3 Nf5 14. Re1 Rb8 15. b3 Be6 16. a4 Bd5
17. Ba3 Re8 18. Qf2 Qc7 19. Nc5 Qc8 20. Ba6 Qc7 21. Bd3 Qc8 22. Rab1 h5 {
Walter,T (2046)-Kirbach,T (1914)/Mittelfranken 2007/EXT 2011/1-0 (49)}) ({RR} 
8. d5 dxe5 9. h3 Nf6 10. Bc4 exf4 11. Bxf4 Nbd7 12. Qd3 a6 13. a4 Nb6 14. O-O-O
Bf5 15. Qe2 Ne8 16. g4 Bd7 17. Rhe1 Bxa4 18. Be5 Bxe5 19. Nxe5 Nd6 20. Ne4 Nxe4
21. Qxe4 Bb5 22. Bb3 Rc8 {
Sousa,J (1814)-Cruz,J (1728)/Coimbra 2009/EXT 2012/1/2 (37)}) ({RR} 8. dxc5
dxc5 9. h3 Nh6 10. Be3 Qa5 11. O-O Nf5 12. Bf2 Nc6 13. Ne4 b6 14. Be1 Qa4 15.
b3 Qa3 16. Bf2 Ba6 17. c4 Rad8 18. Qe2 Bb7 19. Nc3 Ncd4 20. Nxd4 Nxd4 21. Bxd4
cxd4 22. Nb5 Qa5 {Holtz,P-Bittorf,A/Erlangen 1994/EXT 1999/1-0 (48)}) 8... cxd4
9. dxe7 Qxe7+ 10. Ne2 Ne3 11. Bxe3 dxe3 12. c3 Rd8 13. Qc2 Nc6 14. O-O Be6 15.
a3 Na5 16. Nfd4 Bd5 17. Rad1 Rac8 18. Qb1 Nc4 19. Bxc4 Rxc4 20. Qd3 Rc5 21. Ng3
Bc4 22. Qe4 Qd7 23. Nge2 Re8 24. Qb1 Bxd4 25. cxd4 Rb5 0-1

[Event "179th open MGU 14-15 January 2017"]
[Site "Sofia"]
[Date "2017.01.15"]
[Round "4.3"]
[White "Dyakov, Martin"]
[Black "Georgiev, Nikolay Zh."]
[Result "1-0"]
[WhiteElo "2030"]
[BlackElo "1623"]
[PlyCount "41"]
[EventDate "2017.01.14"]
[EventType "swiss"]
[EventRounds "6"]
[EventCountry "BUL"]
[SourceDate "2008.07.28"]

1. e4 e5 2. Nf3 Nc6 3. Bb5 Bc5 4. O-O Nf6 5. c3 Nxe4 6. d4 exd4 7. cxd4 Be7 8.
d5 Nb4 9. a3 Na6 10. Re1 Nd6 11. Bxa6 bxa6 12. Qe2 f6 13. Bf4 Kf7 14. Nc3 Re8
15. Nd4 Bb7 16. Qh5+ Kg8 17. Re3 Bf8 18. Rh3 h6 19. Qg6 Kh8 20. Bxh6 gxh6 21.
Rg3 1-0

[Event "179th open MGU 14-15 January 2017"]
[Site "Sofia"]
[Date "2017.01.15"]
[Round "4.5"]
[White "Andreev, Krasimir"]
[Black "Kolev, Lachezar"]
[Result "1/2-1/2"]
[WhiteElo "1882"]
[BlackElo "1854"]
[PlyCount "88"]
[EventDate "2017.01.14"]
[EventType "swiss"]
[EventRounds "6"]
[EventCountry "BUL"]
[SourceDate "2008.07.28"]

1. e4 c5 2. Nf3 d6 3. d4 cxd4 4. Nxd4 Nf6 5. Bd3 a6 6. c4 e6 7. O-O Nbd7 8. Qe2
b6 9. b3 Bb7 10. Nd2 Be7 11. Bb2 Qc7 12. Rad1 Nc5 13. Bb1 O-O-O 14. f4 e5 15.
Nf5 g6 16. Nxe7+ Qxe7 17. f5 g5 18. b4 Ncd7 19. Bd3 Kb8 20. Rb1 Ka7 21. Ba1 g4
22. a4 h5 23. Rb3 h4 24. Bc3 Rb8 25. Ra1 Qd8 26. Qe3 Ra8 27. Kh1 Re8 28. a5 Kb8
29. Rba3 Qc7 30. Rb3 Kc8 31. Rab1 Kd8 32. axb6 Qxb6 33. c5 dxc5 34. bxc5 Qxc5
35. Qxc5 Nxc5 36. Ba5+ Ke7 37. Rxb7+ Nxb7 38. Rxb7+ Kf8 39. Bc4 Nh7 40. Rxf7+
Kg8 41. Rf6+ Kh8 42. Rg6 h3 43. gxh3 gxh3 44. Rg3 Rab8 1/2-1/2

[Event "179th open MGU 14-15 January 2017"]
[Site "Sofia"]
[Date "2017.01.15"]
[Round "4.6"]
[White "Tsyntsarski, Boyko"]
[Black "Babatov, Martin"]
[Result "0-1"]
[WhiteElo "1636"]
[BlackElo "1625"]
[PlyCount "86"]
[EventDate "2017.01.14"]
[EventType "swiss"]
[EventRounds "6"]
[EventCountry "BUL"]
[SourceDate "2008.07.28"]

1. e4 c6 2. d4 d5 3. exd5 cxd5 4. c4 e6 5. cxd5 Qxd5 6. Nc3 Qd8 7. Bb5+ Bd7 8.
Bf4 Bb4 9. Qa4 Bxc3+ 10. bxc3 Bxb5 11. Qxb5+ Qd7 12. Qg5 f6 13. Qg3 Nc6 14. Nf3
Kf7 15. O-O Nge7 16. Rad1 Qd5 17. Rd2 Ng6 18. Be3 Rac8 19. Rb2 b6 20. c4 Qxc4
21. Rc1 Qd5 22. Rbc2 Nce7 23. Nh4 Rxc2 24. Rxc2 Qh5 25. Nf3 Rc8 26. Rc7 Rxc7
27. Qxc7 Qa5 28. Qc2 Nh4 29. Kf1 Nxf3 30. gxf3 Qb5+ 31. Kg2 Qf5 32. Qb3 Qd5 33.
Qc2 h6 34. Bxh6 gxh6 35. Qh7+ Ke8 36. Qh8+ Kd7 37. Qxf6 Qg5+ 38. Qxg5 hxg5 39.
Kg3 Nf5+ 40. Kg4 Nxd4 41. f4 gxf4 42. Kxf4 Nf5 43. Kg5 b5 0-1

[Event "179th open MGU 14-15 January 2017"]
[Site "Sofia"]
[Date "2017.01.15"]
[Round "4.7"]
[White "Sharkov, Venko"]
[Black "Gadzhev, Denislav"]
[Result "0-1"]
[WhiteElo "1701"]
[BlackElo "1577"]
[PlyCount "50"]
[EventDate "2017.01.14"]
[EventType "swiss"]
[EventRounds "6"]
[EventCountry "BUL"]
[SourceDate "2008.07.28"]

1. d4 Nf6 2. Bf4 e6 3. Nf3 c5 4. e3 d5 5. Nbd2 Nc6 6. c3 Bd6 7. Bg3 a6 8. Bd3
O-O $146 ({RR} 8... cxd4 9. exd4 Bxg3 ({RR} 9... Qc7 10. O-O Bxg3 11. hxg3 O-O
12. Qe2 Nd7 13. Rae1 Re8 14. Ne5 Ndxe5 15. dxe5 b5 16. Qh5 g6 17. Qg5 Qe7 18.
Qf4 Rf8 19. Nf3 f5 20. exf6 Rxf6 21. Qh4 Bd7 22. Ne5 Raf8 23. Ng4 e5 24. Nxf6+
{Nieto Rodriguez,A (2017)-Polanco Nunez,Y (2205)/Santo Domingo 2016/CBM 170
Extra/1-0 (42)}) 10. hxg3 h6 11. Qe2 Qc7 12. Kf1 O-O 13. Nh4 e5 14. dxe5 Nxe5
15. Ndf3 Nxd3 16. Qxd3 Bd7 17. Kg1 Qb6 18. Ne5 Bb5 19. Qf3 Rae8 20. Ng4 Nxg4
21. Qxg4 Re4 22. Qf5 Bd3 23. Qxd5 {
Mai,A (1558)-Jonsson,O (1904)/Reykjavik 2016/CBM 171 Extra/1-0}) ({RR} 8... Qe7
9. Ne5 Qc7 10. f4 Ne7 11. Bh4 b6 12. O-O Bb7 13. Qf3 h5 14. Rac1 b5 15. Qg3 Rg8
16. Qh3 Rh8 17. Qf3 Nf5 18. Bxf5 exf5 19. Bxf6 gxf6 20. Nd3 c4 21. Nf2 Qd7 22.
Qh3 O-O-O 23. Nf3 {Grachev,B (2652)-Zubov,A (2601)/Minsk 2015/EXT 2017/0-1 (66)
}) ({RR} 8... c4 9. Bc2 b5 10. O-O Bb7 11. e4 dxe4 12. Nxe4 Nxe4 13. Bxe4 f5
14. Bc2 O-O 15. Qe2 Qd7 16. Bxd6 Qxd6 17. Rfe1 Rae8 18. Rad1 Qd5 19. Qf1 Rf6
20. Nd2 Rg6 21. f3 Rf8 22. b3 Ne7 23. Re5 {
Lapadatu,T-Misiejuk,Z/Pula 1972/EXT 2010/0-1 (33)}) 9. Ne5 Qc7 10. f4 Ne7 11.
Bf2 b5 12. g4 Bb7 13. Qf3 Ng6 14. h4 cxd4 15. exd4 Bxe5 16. fxe5 Nxe5 17. dxe5
Qxe5+ 18. Qe2 Nxg4 19. Bd4 Qxe2+ 20. Bxe2 Nh6 21. Bd3 Rfe8 22. Nf3 e5 23. Be3
Ng4 24. Bc5 e4 25. O-O-O exf3 0-1

[Event "179th open MGU 14-15 January 2017"]
[Site "Sofia"]
[Date "2017.01.15"]
[Round "5.1"]
[White "Kamenov, Valentin"]
[Black "Metev, Martin"]
[Result "0-1"]
[WhiteElo "1809"]
[BlackElo "2062"]
[PlyCount "74"]
[EventDate "2017.01.14"]
[EventType "swiss"]
[EventRounds "6"]
[EventCountry "BUL"]
[SourceDate "2008.07.28"]

1. e4 e6 2. d4 d5 3. exd5 exd5 4. Bd3 Nf6 5. Nf3 Bd6 6. O-O O-O 7. Bg5 c6 8. c3
Bg4 9. Nbd2 Nbd7 10. Qc2 Qc7 11. Rfe1 Rfe8 12. h3 Bh5 13. Nh4 Bf4 14. Ndf3 Bxg5
15. Nxg5 Qf4 16. Ngf3 Ne4 17. Qc1 $146 ({RR} 17. Bxe4 dxe4 18. g3 Qf6 19. Nh2
g5 20. Ng2 Bg6 21. Ng4 Qe6 22. Qd2 Qe7 23. h4 h5 24. Nh6+ Kg7 25. hxg5 Qd6 26.
Nh4 Ne5 27. N4f5+ Bxf5 28. Nxf5+ Kg6 29. Nxd6 Nf3+ 30. Kg2 Nxd2 31. Nxe8 Rxe8 {
Magis,P (1722)-Renard,A (1574)/Liege 2012/EXT 2013/1-0 (37)}) 17... Qf6 18. g4
Bg6 19. Re3 Re7 20. Qc2 Rae8 21. Rae1 Qf4 22. Ng2 Qd6 23. h4 h5 24. g5 Kf8 25.
Nh2 c5 26. f3 Ng3 27. Rxe7 Rxe7 28. Rxe7 Kxe7 29. Bxg6 fxg6 30. Qd2 cxd4 31.
cxd4 Nf8 32. Nf4 Qxf4 33. Qb4+ Ke8 34. Qb5+ Nd7 35. Qxd5 Qxd4+ 36. Qxd4 Ne2+
37. Kf2 Nxd4 0-1

[Event "179th open MGU 14-15 January 2017"]
[Site "Sofia"]
[Date "2017.01.15"]
[Round "5.2"]
[White "Gelemerov, Yane"]
[Black "Dyakov, Martin"]
[Result "0-1"]
[WhiteElo "2024"]
[BlackElo "2030"]
[PlyCount "76"]
[EventDate "2017.01.14"]
[EventType "swiss"]
[EventRounds "6"]
[EventCountry "BUL"]
[SourceDate "2008.07.28"]

1. e4 e6 2. d4 d5 3. Nc3 Nf6 4. Bg5 Bb4 5. e5 h6 6. Bd2 Bxc3 7. Bxc3 Ne4 8. Qg4
g6 9. Bb4 c5 10. dxc5 ({RR} 10. f3 Qb6 11. Bc3 cxd4 12. fxe4 dxc3 13. b3 Qd4
14. Rd1 Qxe4+ 15. Qxe4 dxe4 16. Rd4 Bd7 17. Rxe4 Bc6 18. Re3 Nd7 19. Ne2 Ke7
20. Nxc3 a6 21. Rg1 h5 22. g3 g5 23. Bg2 Rac8 24. Bxc6 Rxc6 {
Stojmanovski,T-Jovanovic,B (2254)/Skopje 2014/CBM 159 Extra/0-1 (44)}) 10...
Nd7 11. Bb5 Qc7 12. Nf3 $146 ({RR} 12. Qe2 a6 13. Bd3 Qxe5 14. O-O-O Qg5+ 15.
Kb1 Qxg2 16. Bxe4 Qxe4 17. Qxe4 dxe4 18. Nh3 Nf8 19. Rd4 f5 20. c6 bxc6 21.
Rhd1 Nd7 22. Rd6 Nf8 23. Rxc6 g5 24. Ba5 Bd7 25. Rcd6 Rh7 26. c4 Ng6 {
Cassai,P (2115)-Cugini,V (2130)/Caorle 1989/EXT 2000/0-1 (66)}) 12... a6 13.
Bxd7+ Bxd7 14. O-O Nxc5 15. Bxc5 Qxc5 16. Nd4 O-O 17. c3 b5 18. h4 Ra7 19. a3
a5 20. Qg3 b4 21. axb4 axb4 22. Rxa7 Qxa7 23. Qe3 bxc3 24. bxc3 Kh7 25. h5 gxh5
26. g3 Rg8 27. Kg2 Qb8 28. Rh1 Rg5 29. Nf3 Rf5 30. Rh4 d4 31. cxd4 Bc6 32. Rf4
Qb7 33. Qd3 Kg6 34. g4 Bxf3+ 35. Qxf3 Qxf3+ 36. Kxf3 Rxf4+ 37. Kxf4 h4 38. Ke3
Kg5 0-1

[Event "179th open MGU 14-15 January 2017"]
[Site "Sofia"]
[Date "2017.01.15"]
[Round "5.3"]
[White "Babatov, Martin"]
[Black "Gadzhev, Denislav"]
[Result "1/2-1/2"]
[WhiteElo "1625"]
[BlackElo "1577"]
[PlyCount "65"]
[EventDate "2017.01.14"]
[EventType "swiss"]
[EventRounds "6"]
[EventCountry "BUL"]
[SourceDate "2008.07.28"]

1. d4 Nf6 2. c4 e6 3. Bf4 d5 4. e3 b6 ({RR} 4... Bd6 5. Bxd6 cxd6 6. Nc3 dxc4
7. Bxc4 O-O 8. Nf3 b6 9. O-O d5 10. Bb5 Ba6 11. a4 Bxb5 12. axb5 a5 13. Ne5
Nfd7 14. Nd3 Ra7 15. Qd2 Rc7 16. Rfc1 Qe7 17. Na4 Rfc8 18. Rxc7 Rxc7 19. Rc1 {
Novikov,M (2500)-Kosov,I (2386)/Tula 2006/EXT 2010/1-0 (40)}) 5. Nc3 Bd6 ({RR} 
5... Bb7 6. Nf3 Nh5 7. Be5 Nd7 8. cxd5 exd5 9. Bd3 f6 10. Bg3 Bb4 11. Qc2 Qe7
12. Bxc7 Rc8 13. Bg3 g6 14. O-O Nxg3 15. hxg3 O-O 16. Nh4 f5 17. Qb3 Bxc3 18.
bxc3 Nf6 19. Rfe1 Ne4 20. Bxe4 {
Mi,G (1505)-Liu,J/Shijiazhuang 2016/CBM 173 Extra/0-1 (45)}) 6. Bxd6 $146 ({RR
} 6. Bg3 Bb7 7. Nf3 a6 8. Rc1 O-O 9. Bd3 c5 10. cxd5 exd5 11. Bb1 Re8 12. Bh4
Nbd7 13. O-O Qc7 14. dxc5 bxc5 15. Bf5 Qc6 16. b4 c4 17. Rb1 Be5 18. Nxe5 Rxe5
19. Bxd7 Nxd7 20. Qd4 Rae8 {
Wohl,A (2411)-Hernandez Moya,Y (2174)/Havana 2011/CBM 142 Extra/1-0 (88)}) 6...
Qxd6 7. Nf3 Bb7 8. cxd5 Nxd5 9. Be2 O-O 10. O-O Rd8 11. Ne5 Nc6 12. Nxd5 Nxe5
13. dxe5 Qxd5 14. Qxd5 Bxd5 15. Rfd1 Kf8 16. Rd2 Ke7 17. Rc2 c5 18. Bf3 Bxf3
19. gxf3 Rd5 20. f4 Rad8 21. a3 Rd1+ 22. Rxd1 Rxd1+ 23. Kg2 Kd7 24. e4 Rd4 25.
f3 g6 26. Kg3 Kd8 27. Kg4 h6 28. h4 Rd1 29. Rg2 Rd3 30. Rf2 Rd1 31. Rg2 Rd3 32.
Rf2 Rd1 33. Rg2 1/2-1/2

[Event "179th open MGU 14-15 January 2017"]
[Site "Sofia"]
[Date "2017.01.15"]
[Round "5.4"]
[White "Kolev, Lachezar"]
[Black "Ruschukov, Boyan"]
[Result "1/2-1/2"]
[WhiteElo "1854"]
[BlackElo "1844"]
[PlyCount "78"]
[EventDate "2017.01.14"]
[EventType "swiss"]
[EventRounds "6"]
[EventCountry "BUL"]
[SourceDate "2008.07.28"]

1. e4 c5 2. Nc3 Nc6 3. f4 g6 4. Bc4 Bg7 5. Nf3 d6 6. d3 a6 7. a3 b5 8. Ba2 e6
9. O-O Nge7 10. Qe1 O-O 11. Qh4 Nd4 12. Nxd4 cxd4 13. Ne2 Nc6 14. Qxd8 Rxd8 15.
Ng3 Bd7 16. f5 Be5 17. fxg6 fxg6 18. Ne2 Kg7 19. Bd2 Rf8 20. Nf4 Rf6 21. Nh3
Raf8 22. Rxf6 Rxf6 23. g3 h6 24. Rf1 Rxf1+ 25. Kxf1 g5 26. Ke2 Kg6 27. Kf3 Bg7
28. Nf2 Ne5+ 29. Ke2 h5 30. h3 Nc6 31. Kf3 Ne5+ 32. Kg2 Bf6 33. Bb4 Be7 34. Bb3
Nc6 35. Bd2 Ne5 36. Bb4 Nc6 37. Bd2 Ne5 38. Bb4 Nc6 39. Bd2 Ne5 1/2-1/2